[Event "Ogolnopolski Turniej Niepelnosprawnych"]
[Site "Rowy"]
[Date "2011.??.??"]
[Round "2.4"]
[White "Pioch, Zygmunt"]
[Black "Pipala, Janusz"]
[Result "0-1"]
[WhiteElo "2123"]
[BlackElo "1935"]
[PlyCount "68"]
[EventDate "2011.??.??"]

1. e4 e5 2. Nf3 Nf6 3. Nxe5 d6 4. Nf3 Nxe4 5. d4 d5 6. Bd3 Be7 7. O-O O-O 8. c4
Nf6 9. Nc3 Nc6 10. a3 Bg4 11. cxd5 Nxd4 12. Bxh7+ Nxh7 13. Qxd4 Bxf3 14. gxf3
c6 15. Rd1 cxd5 16. Nxd5 Bg5 17. Qg4 Re8 18. Bxg5 Nxg5 19. h4 Re5 20. Ne3 Qf6
21. Kg2 Ne6 22. Kg3 Rc5 23. Rd2 Rd8 24. Rxd8+ Qxd8 25. Rd1 Qf6 26. Rd2 Rc1 27.
Qe4 Rg1+ 28. Kh2 Re1 29. Nd5 Qe5+ 30. Qxe5 Rxe5 31. f4 Re4 32. Kg3 Nc5 33. Ne3
Rxe3+ 34. Kg4 Rb3 0-1

[Event "Ogolnopolski Turniej Niepelnosprawnych"]
[Site "Rowy"]
[Date "2011.??.??"]
[Round "2.5"]
[White "Solek, Zenon"]
[Black "Szczepaniec, Stanislaw"]
[Result "1-0"]
[WhiteElo "1883"]
[BlackElo "2075"]
[PlyCount "51"]
[EventDate "2011.??.??"]

1. e4 c5 2. Nf3 Nc6 3. d4 cxd4 4. Nxd4 g6 5. c4 Nf6 6. Nc3 d6 7. Be2 Nxd4 8.
Qxd4 Bg7 9. O-O O-O 10. Qd1 Be6 11. Be3 Qa5 12. Qb3 b6 13. Rfd1 Rfc8 14. Rac1
Kf8 15. f3 Rab8 16. Qb5 Qxb5 17. Nxb5 Rb7 18. Nd4 Bd7 19. b4 Ba4 20. Nb3 Nd7
21. c5 Bxb3 22. axb3 Nb8 23. cxb6 Rd8 24. bxa7 Nd7 25. Ba6 Rxb4 26. Rc8 1-0

[Event "Ogolnopolski Turniej Niepelnosprawnych"]
[Site "Rowy"]
[Date "2011.??.??"]
[Round "2.6"]
[White "Matuszczyk, Krystian"]
[Black "Olszewski, Jerzy"]
[Result "1-0"]
[WhiteElo "2046"]
[BlackElo "1885"]
[PlyCount "75"]
[EventDate "2011.??.??"]

1. d4 d5 2. c4 c6 3. e3 g6 4. Nc3 Nf6 5. Nf3 Bg7 6. Be2 Bg4 7. cxd5 cxd5 8. O-O
O-O 9. h3 Bd7 10. Ne5 e6 11. b3 Re8 12. Bb2 Nc6 13. Nd3 Bf8 14. a3 Rc8 15. Rc1
Bd6 16. Nc5 b6 17. Nb7 Qe7 18. Nxd6 Qxd6 19. Nb5 Qb8 20. Nc3 Qb7 21. Bf3 Na5
22. Re1 Bc6 23. Ne2 Bb5 24. Nc3 Bc6 25. Nb1 Bd7 26. Nd2 Rxc1 27. Bxc1 Rc8 28.
e4 Qc7 29. exd5 exd5 30. b4 Nc4 31. Nf1 Kg7 32. Ng3 Be6 33. Bg5 h6 34. Bc1 Nd6
35. Bf4 Qd8 36. Qd2 Ng8 37. Qe2 Qd7 38. Qe5+ 1-0

[Event "Ogolnopolski Turniej Niepelnosprawnych"]
[Site "Rowy"]
[Date "2011.??.??"]
[Round "2.7"]
[White "Najdzionek, Boleslaw"]
[Black "Koper, Ireneusz"]
[Result "1/2-1/2"]
[WhiteElo "1871"]
[BlackElo "2030"]
[PlyCount "135"]
[EventDate "2011.??.??"]

1. d4 Nf6 2. c4 g6 3. Nf3 Bg7 4. Nc3 d5 5. e3 O-O 6. Qc2 c5 7. cxd5 cxd4 8.
exd4 Nxd5 9. Be3 Nc6 10. a3 Bf5 11. Bd3 Ndb4 12. axb4 Nxb4 13. Qb3 Nxd3+ 14.
Ke2 Qb8 15. Rhd1 Nf4+ 16. Kf1 Ne6 17. d5 Nd8 18. Qb4 Re8 19. Bf4 Qc8 20. Nb5 a5
21. Qa4 Bc2 22. b3 Bxd1 23. Nc7 Rf8 24. Rxd1 b5 25. Qxb5 Rb8 26. Qd3 Rb6 27.
Qe3 Qb7 28. Qxe7 Rxb3 29. Bd6 Rb1 30. Qe1 Rxd1 31. Qxd1 Qb6 32. Bxf8 Bxf8 33.
Qc2 Bd6 34. Ne8 Qb5+ 35. Qe2 Qxe2+ 36. Kxe2 Bc5 37. Nf6+ Kg7 38. Ne4 Bb4 39.
Kd3 Nb7 40. Kc4 f5 41. Neg5 Nd6+ 42. Kb3 h6 43. Ne6+ Kf6 44. Nd8 Ne4 45. Nc6
Nxf2 46. Nxb4 axb4 47. Kxb4 g5 48. Kc4 g4 49. Nd4 Ne4 50. Ne2 Ke5 51. g3 Nf6
52. Nf4 Ne4 53. Nd3+ Kd6 54. Nf4 Nd2+ 55. Kd4 Nf3+ 56. Kc4 Nxh2 57. Nh5 Nf3 58.
Ng7 Ke5 59. Kc5 Kf6 60. d6 Ne5 61. Nh5+ Kg5 62. Nf4 h5 63. Kd5 Nd7 64. Ng2 Kf6
65. Kc6 Nf8 66. Kd5 Nd7 67. Kc6 Nf8 68. Kd5 1/2-1/2

[Event "Ogolnopolski Turniej Niepelnosprawnych"]
[Site "Rowy"]
[Date "2011.??.??"]
[Round "2.8"]
[White "Wojcieszyn, Zdzislaw"]
[Black "Niecko, Stanislaw"]
[Result "1-0"]
[WhiteElo "2020"]
[BlackElo "1856"]
[PlyCount "43"]
[EventDate "2011.??.??"]

1. c4 e5 2. Nc3 d6 3. g3 Nc6 4. Bg2 Be6 5. b3 Nf6 6. Bb2 d5 7. cxd5 Nxd5 8. Nf3
f6 9. O-O Be7 10. Rc1 O-O 11. Na4 Ncb4 12. a3 Na6 13. b4 c6 14. Qc2 Rc8 15. d4
exd4 16. Nxd4 Bf7 17. Be4 g6 18. Rfd1 Qc7 19. Bd3 Nb8 20. e4 Nb6 21. Nb5 Qd7
22. Nxa7 1-0

[Event "Ogolnopolski Turniej Niepelnosprawnych"]
[Site "Rowy"]
[Date "2011.??.??"]
[Round "2.9"]
[White "Czech, Jan"]
[Black "Krasowski, Slawomir"]
[Result "1-0"]
[WhiteElo "1851"]
[BlackElo "2013"]
[PlyCount "69"]
[EventDate "2011.??.??"]

1. e4 e6 2. Nf3 d5 3. exd5 exd5 4. d4 Nf6 5. Be2 Nc6 6. h3 Bf5 7. Bd3 Ne4 8. c3
Be7 9. Be3 O-O 10. O-O Qd6 11. Kh1 Qg6 12. Bxe4 Bxe4 13. Nbd2 Bc2 14. Qc1 Bd3
15. Re1 Bd6 16. Ng1 Rae8 17. Ndf3 f5 18. Bf4 Be4 19. Qd2 h6 20. Bxd6 Qxd6 21.
Ne5 f4 22. Ngf3 Qe6 23. Kh2 Ne7 24. Re2 Qd6 25. Rae1 g5 26. b4 Bf5 27. a4 Qf6
28. Ng4 Qg7 29. Nge5 h5 30. Ng1 Rf6 31. g3 fxg3+ 32. fxg3 Be4 33. Nd7 Rf5 34.
Rf2 b6 35. Ref1 1-0

[Event "Ogolnopolski Turniej Niepelnosprawnych"]
[Site "Rowy"]
[Date "2011.??.??"]
[Round "2.10"]
[White "Nadolinski, Roman"]
[Black "Rogalski, Krzysztof"]
[Result "1/2-1/2"]
[WhiteElo "1992"]
[BlackElo "1846"]
[PlyCount "133"]
[EventDate "2011.??.??"]

1. Nf3 d5 2. d4 e6 3. Bf4 Nf6 4. e3 a6 5. Bd3 c5 6. c3 Nc6 7. Nbd2 c4 8. Bc2 b5
9. a3 Bb7 10. O-O Be7 11. h3 h6 12. Ne5 Nd7 13. Nxc6 Bxc6 14. Nf3 O-O 15. Qe2
f5 16. Ne5 Nxe5 17. Bxe5 Bd6 18. Bxd6 Qxd6 19. Qd2 Rf6 20. a4 Rf7 21. axb5 axb5
22. Rxa8+ Bxa8 23. Ra1 Bb7 24. g3 Qb6 25. Qe1 Bc6 26. Ra2 Ra7 27. Qa1 Rxa2 28.
Qxa2 b4 29. Bd1 Bb7 30. Bh5 bxc3 31. bxc3 Qa6 32. Qb2 Bc8 33. Kg2 Qb7 34. Qa3
Qd7 35. Bg6 Bb7 36. Kh2 Qd8 37. h4 Qf6 38. h5 Qf8 39. Qa7 Qc8 40. Qb6 Bc6 41.
Qc5 Qd7 42. Qb6 Qc8 43. Kg1 Be8 44. Bxe8 Qxe8 45. Qd6 Kf7 46. Kg2 Qe7 47. Qxe7+
Kxe7 48. Kf3 Kd6 49. Kf4 Kd7 50. Ke5 Ke7 51. f3 Kd7 52. g4 fxg4 53. fxg4 Ke7
54. Kf4 Kd6 55. g5 Ke7 56. gxh6 gxh6 57. Ke5 Kf7 58. e4 dxe4 59. Kxe4 Kf6 60.
Kf4 Ke7 61. Ke5 Kf7 62. d5 exd5 63. Kxd5 Kf6 64. Kxc4 Kg5 65. Kd5 Kxh5 66. c4
Kg5 67. c5 1/2-1/2

[Event "Ogolnopolski Turniej Niepelnosprawnych"]
[Site "Rowy"]
[Date "2011.??.??"]
[Round "2.11"]
[White "Czymbor, Ryszard"]
[Black "Cylwik, Zbigniew"]
[Result "0-1"]
[WhiteElo "1836"]
[BlackElo "1986"]
[PlyCount "70"]
[EventDate "2011.??.??"]

1. d4 d5 2. e3 Nf6 3. c4 e6 4. a3 Be7 5. Nf3 O-O 6. Be2 b6 7. Nc3 Bb7 8. O-O
Nbd7 9. b3 c5 10. dxc5 Nxc5 11. Bb2 Rc8 12. Rc1 dxc4 13. Qxd8 Rfxd8 14. Bxc4
Nd3 15. Bxd3 Rxd3 16. Ne5 Rd2 17. Nc4 Rxc4 18. bxc4 Rxb2 19. Nb5 a6 20. Nc3
Bxa3 21. Rcd1 g6 22. Rd8+ Kg7 23. Rb8 Bc6 24. Nb1 Bc5 25. Rc8 Be4 26. Nc3 Rb4
27. Nxe4 Nxe4 28. Rc1 Rb2 29. Rf1 a5 30. g3 a4 31. Kg2 a3 32. Ra8 a2 33. Ra1
Rxf2+ 34. Kh3 Ng5+ 35. Kg4 h5+ 0-1

[Event "Ogolnopolski Turniej Niepelnosprawnych"]
[Site "Rowy"]
[Date "2011.??.??"]
[Round "2.12"]
[White "Salamon, Jan"]
[Black "Ulrych, Wojciech"]
[Result "0-1"]
[WhiteElo "1823"]
[BlackElo "1968"]
[PlyCount "62"]
[EventDate "2011.??.??"]

1. d4 Nf6 2. c4 g6 3. Nc3 Bg7 4. e4 d6 5. Be2 O-O 6. Nf3 Nc6 7. O-O e5 8. Bg5
h6 9. Be3 Ng4 10. h3 Nxe3 11. fxe3 f5 12. d5 Ne7 13. Qd2 Bd7 14. Bd3 a6 15. b4
f4 16. c5 g5 17. Ne2 Ng6 18. Rac1 Bb5 19. Bxb5 axb5 20. Kh1 fxe3 21. Qxe3 Rxa2
22. Nc3 Rb2 23. cxd6 cxd6 24. Nxb5 Nf4 25. Nd2 g4 26. Qc3 gxh3 27. g3 Qg5 28.
Qxb2 Ne2 29. Rxf8+ Bxf8 30. Nb3 Qe3 31. Nd2 Qf2 0-1

[Event "Ogolnopolski Turniej Niepelnosprawnych"]
[Site "Rowy"]
[Date "2011.??.??"]
[Round "2.13"]
[White "Jagiello, Adolf"]
[Black "Winiarski, Kazimierz"]
[Result "0-1"]
[WhiteElo "1443"]
[BlackElo "1967"]
[PlyCount "46"]
[EventDate "2011.??.??"]

1. e4 c5 2. Bc4 e6 3. Nf3 a6 4. Nc3 b5 5. Be2 Bb7 6. d3 d5 7. exd5 exd5 8. O-O
Nf6 9. Bg5 Be7 10. d4 c4 11. Bxf6 Bxf6 12. a3 O-O 13. Re1 Nc6 14. Qd2 Qd6 15.
Bf1 Rfe8 16. Re3 Re6 17. Rxe6 fxe6 18. Ne2 e5 19. c3 e4 20. Qf4 Qxf4 21. Nxf4
exf3 22. Nxd5 Ne7 23. Nxf6+ gxf6 0-1

[Event "Ogolnopolski Turniej Niepelnosprawnych"]
[Site "Rowy"]
[Date "2011.??.??"]
[Round "2.14"]
[White "Krawcewicz, Lucyna"]
[Black "Dulinski, Stanislaw"]
[Result "1/2-1/2"]
[WhiteElo "1963"]
[BlackElo "1831"]
[PlyCount "102"]
[EventDate "2011.??.??"]

1. d4 d5 2. Nf3 Nf6 3. c4 c6 4. Nc3 e6 5. e3 Nbd7 6. Bd3 Bb4 7. O-O O-O 8. Qc2
Re8 9. Ne5 Nf8 10. a3 Bd6 11. f4 g6 12. c5 Bc7 13. b4 Nh5 14. Be2 Ng7 15. Bd2
f5 16. Be1 Nd7 17. Nf3 Nf6 18. Bh4 a6 19. Ne5 Rf8 20. g4 Qe8 21. Bxf6 Rxf6 22.
g5 Rf8 23. Rf2 Qe7 24. Qd1 Rd8 25. h4 Bxe5 26. fxe5 Bd7 27. Bf3 Rf8 28. Ne2 f4
29. exf4 Nf5 30. Rh2 h5 31. gxh6 Nxh4 32. Bg4 Kh7 33. Qe1 Nf5 34. Bxf5 Rxf5 35.
Kh1 Rg8 36. Qg3 Be8 37. Rg1 g5 38. fxg5 Rgxg5 39. Qh4 Bh5 40. Rxg5 Rxg5 41. Ng3
Bg4 42. Kg1 Qd8 43. Rf2 Qg8 44. Kf1 Kh8 45. Ke1 Bf5 46. Nxf5 exf5 47. Ke2 Qg6
48. h7 f4 49. Qxf4 Qc2+ 50. Qd2 Qe4+ 51. Qe3 Qc2+ 1/2-1/2

[Event "Ogolnopolski Turniej Niepelnosprawnych"]
[Site "Rowy"]
[Date "2011.??.??"]
[Round "2.15"]
[White "Staruch, Roman"]
[Black "Jackowski, Ryszard"]
[Result "1/2-1/2"]
[WhiteElo "1957"]
[BlackElo "1820"]
[PlyCount "68"]
[EventDate "2011.??.??"]

1. e4 g6 2. d4 Bg7 3. Nc3 d6 4. f4 Nf6 5. Nf3 O-O 6. e5 Nfd7 7. h4 h5 8. e6 Nf6
9. exf7+ Rxf7 10. Bd3 Bf5 11. Bxf5 gxf5 12. Ng5 Ng4 13. Nxf7 Kxf7 14. Qd3 e6
15. Be3 c6 16. O-O-O Na6 17. g3 d5 18. Rhf1 b5 19. Bg1 Qa5 20. Kb1 b4 21. Ne2
Nc7 22. Nc1 Qb6 23. Nb3 a5 24. Nc5 a4 25. Rf3 a3 26. b3 Nb5 27. Re1 Re8 28. Nd7
Qc7 29. Ne5+ Kg8 30. Nxg4 hxg4 31. Rfe3 Kf7 32. Re5 Nc3+ 33. Ka1 Bxe5 34. fxe5
Qe7 1/2-1/2

[Event "Ogolnopolski Turniej Niepelnosprawnych"]
[Site "Rowy"]
[Date "2011.??.??"]
[Round "2.17"]
[White "Borowski, Jaroslaw"]
[Black "Jonczyk, Jan"]
[Result "1/2-1/2"]
[WhiteElo "1982"]
[BlackElo "1696"]
[PlyCount "44"]
[EventDate "2011.??.??"]

1. d4 d5 2. c4 c6 3. Nc3 Nf6 4. Nf3 Qb6 5. Qb3 Qxb3 6. axb3 Bg4 7. Ne5 e6 8.
Nxg4 Nxg4 9. e4 dxe4 10. Nxe4 Bb4+ 11. Bd2 Bxd2+ 12. Nxd2 Nf6 13. Bd3 Nbd7 14.
Ke2 O-O 15. f3 e5 16. dxe5 Nxe5 17. Bc2 Rfe8 18. Kf2 Red8 19. Ke3 a6 20. Rhd1
Rd7 21. Ne4 Nxe4 22. Rxd7 Nxd7 1/2-1/2

[Event "Ogolnopolski Turniej Niepelnosprawnych"]
[Site "Rowy"]
[Date "2011.??.??"]
[Round "2.18"]
[White "Czech, Mieczyslaw"]
[Black "Zawada, Andrzej"]
[Result "1-0"]
[WhiteElo "1967"]
[BlackElo "1714"]
[PlyCount "75"]
[EventDate "2011.??.??"]

1. e4 c5 2. Nf3 e6 3. Nc3 a6 4. a4 d6 5. d4 cxd4 6. Nxd4 Nf6 7. Be2 Be7 8. Be3
Qc7 9. Qd2 Nbd7 10. f4 Nc5 11. Bf3 h5 12. h3 Rb8 13. O-O b6 14. e5 dxe5 15.
fxe5 Nfd7 16. Nc6 Bh4 17. Nxb8 Qxb8 18. Qd6 Bg3 19. Qxb8 Nxb8 20. a5 Ncd7 21.
axb6 Nxe5 22. b7 Bd7 23. Be2 Bc6 24. Ra3 O-O 25. Rb3 g6 26. Rd1 Ned7 27. Bf3
Bxf3 28. gxf3 Ne5 29. Kg2 Nc4 30. Bh6 Be5 31. Rb4 Ne3+ 32. Bxe3 Re8 33. f4 Bc7
34. Kf3 f6 35. Rc4 Re7 36. Rxc7 Rxc7 37. Rd8+ Kf7 38. Rxb8 1-0

[Event "Ogolnopolski Turniej Niepelnosprawnych"]
[Site "Rowy"]
[Date "2011.??.??"]
[Round "2.19"]
[White "Szydlowski, Wiktor"]
[Black "Krawiec, Stanislaw"]
[Result "1-0"]
[WhiteElo "1814"]
[BlackElo "1662"]
[PlyCount "57"]
[EventDate "2011.??.??"]

1. e4 e5 2. Nf3 Nc6 3. d4 exd4 4. Bc4 Be7 5. c3 d6 6. cxd4 Na5 7. Bd3 b6 8. d5
Nf6 9. O-O O-O 10. h3 Nb7 11. Nc3 h6 12. e5 dxe5 13. Nxe5 Bd7 14. Re1 Bd6 15.
a3 Bxe5 16. Rxe5 a6 17. Qf3 Nc5 18. Bc2 Re8 19. Bf4 Rxe5 20. Bxe5 Rc8 21. b4
Nb7 22. Qd3 b5 23. Bxf6 Qxf6 24. Qh7+ Kf8 25. Qh8+ Ke7 26. Re1+ Kd6 27. Ne4+
Kxd5 28. Nxf6+ Kc6 29. Qxg7 1-0

[Event "Ogolnopolski Turniej Niepelnosprawnych"]
[Site "Rowy"]
[Date "2011.??.??"]
[Round "2.20"]
[White "Grobelna, Ewa"]
[Black "Wroblewski, Mieczyslaw"]
[Result "0-1"]
[WhiteElo "1586"]
[BlackElo "1791"]
[PlyCount "59"]
[EventDate "2011.??.??"]

1. d4 Nf6 2. Nc3 d5 3. Nf3 e6 4. a3 c5 5. e3 Nc6 6. Be2 Bd6 7. O-O O-O 8. Re1
a6 9. Bf1 Ne4 10. h3 c4 11. Nd2 f5 12. Nf3 Qf6 13. Bd2 g5 14. g3 b5 15. Bg2 Ra7
16. Rf1 Rg7 17. Be1 Ne7 18. Rb1 Ng6 19. Ne2 Bb7 20. c3 h5 21. Nh2 g4 22. Nf4
Nxf4 23. exf4 Qh6 24. h4 Re8 25. Qe2 a5 26. f3 Nf6 27. Bd2 Qg6 28. Rbd1 gxf3
29. Rxf3 Ne4 30. Nf1 0-1

[Event "Ogolnopolski Turniej Niepelnosprawnych"]
[Site "Rowy"]
[Date "2011.??.??"]
[Round "2.21"]
[White "Juraszewski, Mieczyslaw"]
[Black "Lenart, Franciszek"]
[Result "1-0"]
[WhiteElo "1786"]
[BlackElo "1601"]
[PlyCount "30"]
[EventDate "2011.??.??"]

1. d4 d5 2. Nf3 c6 3. c4 dxc4 4. a4 Bg4 5. Nc3 Nd7 6. Ne5 Nxe5 7. dxe5 Qxd1+ 8.
Kxd1 O-O-O+ 9. Ke1 g6 10. f3 Be6 11. Bd2 a6 12. e4 Bg7 13. f4 f5 14. exf6 Bxf6
15. h3 Bd4 1-0

[Event "Ogolnopolski Turniej Niepelnosprawnych"]
[Site "Rowy"]
[Date "2011.??.??"]
[Round "2.22"]
[White "Budnik, Kazimierz"]
[Black "Janocha, Jan"]
[Result "0-1"]
[WhiteElo "1567"]
[BlackElo "1781"]
[PlyCount "86"]
[EventDate "2011.??.??"]

1. e4 c5 2. Nf3 Nc6 3. c4 g6 4. Be2 Bg7 5. Nc3 d6 6. O-O Nf6 7. d3 O-O 8. Bd2
Nd4 9. Nxd4 cxd4 10. Nd5 e5 11. Bg5 Be6 12. Qd2 Bxd5 13. cxd5 Qd7 14. Bh6 Rac8
15. Bxg7 Kxg7 16. f4 Rc5 17. f5 Rfc8 18. Rf3 Rc2 19. Qe1 Ng4 20. Rh3 h5 21.
Bxg4 hxg4 22. Rg3 gxf5 23. h3 Kf8 24. Qf1 f4 25. Rxg4 Qb5 26. b3 R8c3 27. Rd1
Qc5 28. Kh2 Rxa2 29. Rg5 Rcc2 30. Qf3 Rf2 31. Qh5 f3 32. Rg1 Rxg2+ 33. R1xg2
Rxg2+ 34. Rxg2 fxg2 35. Qh8+ Ke7 36. Qh4+ Ke8 37. Qg3 g1=Q+ 38. Qxg1 Qc2+ 39.
Kh1 Qxd3 40. Qg8+ Ke7 41. Qg5+ Kd7 42. Qf5+ Kd8 43. Qf6+ Kc8 0-1

[Event "Ogolnopolski Turniej Niepelnosprawnych"]
[Site "Rowy"]
[Date "2011.??.??"]
[Round "2.23"]
[White "Strojek, Kazimierz"]
[Black "Sarnowski, Ryszard"]
[Result "0-1"]
[WhiteElo "1775"]
[BlackElo "1583"]
[PlyCount "56"]
[EventDate "2011.??.??"]

1. e4 c6 2. d4 d5 3. e5 e6 4. Be3 Bb4+ 5. c3 Be7 6. Nd2 g6 7. Bd3 h5 8. Qc2 Nh6
9. f3 Nf5 10. Bf2 Bg5 11. Nh3 Ne3 12. Bxe3 Bxe3 13. Ke2 Bg5 14. f4 Be7 15. b4
b6 16. a4 c5 17. Bb5+ Bd7 18. bxc5 Bxb5+ 19. axb5 bxc5 20. Qa4 O-O 21. Qb3 c4
22. Qb2 Nd7 23. Ra6 Nb6 24. Rha1 Qd7 25. R1a5 Rfb8 26. Nb1 Nc8 27. Na3 Bxa3 28.
Rxa3 Rxb5 0-1

[Event "Ogolnopolski Turniej Niepelnosprawnych"]
[Site "Rowy"]
[Date "2011.??.??"]
[Round "2.24"]
[White "Kocik, Genowefa"]
[Black "Prokopczuk, Antoni"]
[Result "0-1"]
[WhiteElo "1513"]
[BlackElo "1753"]
[PlyCount "76"]
[EventDate "2011.??.??"]

1. e4 c5 2. Nf3 g6 3. c3 Bg7 4. Bc4 Nf6 5. d3 O-O 6. Qe2 d6 7. Bf4 a6 8. a3 b5
9. Ba2 Nc6 10. Bd5 Nxd5 11. exd5 Na5 12. Nbd2 Rb8 13. O-O e5 14. dxe6 fxe6 15.
Bg5 Qd7 16. Rae1 e5 17. h3 Bb7 18. Nh2 Nc6 19. Ng4 Nd8 20. Bxd8 Rbxd8 21. Ne4
h5 22. Nh2 Qc6 23. f3 Rde8 24. Qe3 c4 25. Rd1 d5 26. Nf2 d4 27. Qe4 Qb6 28. Qe2
dxc3 29. bxc3 cxd3 30. Rxd3 e4 31. fxe4 Bxe4 32. Qa2+ Kh7 33. Rd7 Bc6 34. Rd6
Be5 35. Rd2 Bxc3 36. Re2 Be5 37. Qd2 Qc7 38. Qe1 Bxh2+ 0-1

[Event "Ogolnopolski Turniej Niepelnosprawnych"]
[Site "Rowy"]
[Date "2011.??.??"]
[Round "2.25"]
[White "Borkowski, Jozef"]
[Black "Grabarczyk, Edmund"]
[Result "1/2-1/2"]
[WhiteElo "1740"]
[BlackElo "1539"]
[PlyCount "106"]
[EventDate "2011.??.??"]

1. e4 e5 2. Nf3 Nc6 3. Bc4 d6 4. h3 Nf6 5. Ng5 Be6 6. Bxe6 fxe6 7. Nxe6 Qd7 8.
Nxf8 Rxf8 9. d3 h6 10. Be3 d5 11. exd5 Nxd5 12. Qh5+ Rf7 13. Nd2 O-O-O 14. Nc4
Rf5 15. Qe2 b5 16. Nd2 a6 17. c4 Ndb4 18. Ne4 Nxd3+ 19. Kf1 bxc4 20. b3 Qf7 21.
f3 Nd4 22. Bxd4 exd4 23. Rd1 Nf4 24. Qxc4 Qxc4+ 25. bxc4 Ra5 26. Rd2 Ra4 27. g3
Ne6 28. c5 Rc4 29. Kf2 Nxc5 30. Re1 d3 31. Nxc5 Rxc5 32. Re7 Rc2 33. Ke3 Rxd2
34. Kxd2 Rd7 35. Re4 Kb7 36. g4 Kb6 37. h4 c5 38. Re6+ Kb5 39. a4+ Ka5 40. Re4
Rd4 41. Rxd4 cxd4 42. Kxd3 Kxa4 43. f4 Kb3 44. g5 hxg5 45. fxg5 a5 46. h5 a4
47. h6 gxh6 48. gxh6 a3 49. h7 a2 50. h8=Q a1=Q 51. Qb8+ Ka2 52. Qa7+ Kb2 53.
Qxd4+ Kb1 1/2-1/2

[Event "Ogolnopolski Turniej Niepelnosprawnych"]
[Site "Rowy"]
[Date "2011.??.??"]
[Round "2.26"]
[White "Pilecki, Jozef"]
[Black "Wojtowicz, Mieczyslaw"]
[Result "0-1"]
[WhiteElo "1432"]
[BlackElo "1737"]
[PlyCount "90"]
[EventDate "2011.??.??"]

1. d4 d5 2. c4 e6 3. Nf3 Nf6 4. e3 c6 5. c5 Be7 6. Bd3 b6 7. b4 Ba6 8. Bxa6
Nxa6 9. a3 b5 10. O-O O-O 11. Ne5 Nb8 12. a4 Nfd7 13. Nxd7 Nxd7 14. axb5 cxb5
15. Qd3 a6 16. Nc3 Qb8 17. f4 f5 18. Bd2 Nf6 19. Be1 Ne4 20. Ne2 h6 21. h4 Qe8
22. Rf3 Qh5 23. Rh3 Rf6 24. Ng3 Nxg3 25. Bxg3 Rg6 26. Kf2 Rg4 27. Rah1 Qe8 28.
Ra1 h5 29. Qc2 Qd8 30. Rah1 a5 31. bxa5 Rxa5 32. Kf3 Qa8 33. c6 Bd6 34. Be1 Ra2
35. Qc3 Ra3 36. Qc1 Bxf4 37. Bf2 Bc7 38. Qc5 Rf4+ 39. Kg3 Rxd4+ 40. Kf3 Rc4 41.
Qe7 Qxc6 42. Qxa3 d4+ 43. Ke2 Rc2+ 44. Kf1 Qc4+ 45. Ke1 Qe2# 0-1

[Event "Ogolnopolski Turniej Niepelnosprawnych"]
[Site "Rowy"]
[Date "2011.??.??"]
[Round "2.27"]
[White "Niezgoda, Boleslaw"]
[Black "Panczuk, Boleslaw"]
[Result "1-0"]
[WhiteElo "1735"]
[BlackElo "1482"]
[PlyCount "41"]
[EventDate "2011.??.??"]

1. e4 c5 2. c3 d6 3. Nf3 Nf6 4. Be2 e6 5. O-O Nxe4 6. Qa4+ Bd7 7. Qxe4 Bc6 8.
Qc2 Nd7 9. d4 Be7 10. a4 a6 11. Nbd2 Rc8 12. Nc4 cxd4 13. Nxd4 d5 14. Nd2 Bf6
15. N2f3 O-O 16. Bd3 h6 17. Qb3 Qc7 18. Qd1 e5 19. Nxc6 Qxc6 20. Bf5 Rfd8 21.
Qb3 1-0

[Event "Ogolnopolski Turniej Niepelnosprawnych"]
[Site "Rowy"]
[Date "2011.??.??"]
[Round "2.28"]
[White "Przybylak, Gabriela"]
[Black "Jasinska-Kuzia, Lidia"]
[Result "0-1"]
[WhiteElo "1419"]
[BlackElo "1727"]
[PlyCount "76"]
[EventDate "2011.??.??"]

1. d4 Nf6 2. Nf3 d5 3. e3 Bg4 4. Be2 e6 5. h3 Bxf3 6. Bxf3 c5 7. O-O c4 8. Bd2
Be7 9. Nc3 O-O 10. Ne2 b5 11. b4 Nc6 12. c3 a5 13. Qb1 axb4 14. cxb4 Qc7 15.
Bc3 Ra4 16. a3 Rfa8 17. Qb2 Qa7 18. Rfb1 Rxa3 19. Rxa3 Qxa3 20. Qxa3 Rxa3 21.
Ra1 Rxa1+ 22. Bxa1 Nxb4 23. Nc3 Nc2 24. Bb2 b4 25. Na4 b3 26. Nc5 Kf8 27. Kf1
Ke8 28. Ke2 Bxc5 29. dxc5 Kd7 30. Kf1 Kc6 31. Be5 Kxc5 32. Ke2 Ne4 33. Bxe4
dxe4 34. Bxg7 Kd5 35. Bb2 Nb4 36. g4 Nd3 37. Bd4 b2 38. Bxb2 Nxb2 0-1

[Event "Ogolnopolski Turniej Niepelnosprawnych"]
[Site "Rowy"]
[Date "2011.??.??"]
[Round "2.29"]
[White "Ben, Jaroslaw"]
[Black "Ostrowski, Michal"]
[Result "1-0"]
[WhiteElo "1719"]
[BlackElo "1421"]
[PlyCount "63"]
[EventDate "2011.??.??"]

1. d4 Nf6 2. Bg5 d5 3. c4 c6 4. Nc3 Qa5 5. Bxf6 exf6 6. e3 Bb4 7. Qb3 Be6 8. c5
Nd7 9. Nf3 b5 10. Be2 Bxc3+ 11. bxc3 Qc7 12. O-O a5 13. a4 Bg4 14. axb5 cxb5
15. Qxd5 O-O 16. h3 Be6 17. Qe4 f5 18. Qb1 Bc4 19. Bxc4 bxc4 20. Qxf5 Qc6 21.
Rfb1 g6 22. Qc2 Ra6 23. Qa4 Qe6 24. Nd2 Rb8 25. Rxb8+ Nxb8 26. Qb5 Qc8 27. Rxa5
Rxa5 28. Qxa5 Nc6 29. Qb6 Qe6 30. Nxc4 Ne7 31. Qxe6 fxe6 32. Ne5 1-0

[Event "Ogolnopolski Turniej Niepelnosprawnych"]
[Site "Rowy"]
[Date "2011.??.??"]
[Round "3.1"]
[White "Ulrych, Wojciech"]
[Black "Wojcieszyn, Jacenty"]
[Result "1/2-1/2"]
[WhiteElo "1968"]
[BlackElo "2252"]
[PlyCount "26"]
[EventDate "2011.??.??"]

1. e4 c5 2. Nf3 d6 3. d4 cxd4 4. Nxd4 Nf6 5. Nc3 g6 6. Be3 Bg7 7. f3 O-O 8. Qd2
Nc6 9. O-O-O d5 10. exd5 Nxd5 11. Nxc6 bxc6 12. Bd4 Nxc3 13. Qxc3 Bh6+ 1/2-1/2

[Event "Ogolnopolski Turniej Niepelnosprawnych"]
[Site "Rowy"]
[Date "2011.??.??"]
[Round "3.2"]
[White "Kaukiel, Piotr"]
[Black "Wodas, Pawel"]
[Result "1-0"]
[WhiteElo "2194"]
[BlackElo "1955"]
[PlyCount "67"]
[EventDate "2011.??.??"]

1. Nf3 Nf6 2. g3 b6 3. Bg2 Bb7 4. O-O e6 5. c4 d6 6. b3 Be7 7. Bb2 Nbd7 8. d3
O-O 9. Nc3 Re8 10. b4 c5 11. a3 a6 12. Qb3 e5 13. Rfd1 Rb8 14. b5 a5 15. Nd5
Bf8 16. Nd2 g6 17. Rf1 Bg7 18. Rae1 Rf8 19. f4 Ng4 20. e4 Bh6 21. Qd1 Bxd5 22.
cxd5 Ngf6 23. Nc4 exf4 24. Nxd6 fxg3 25. hxg3 Nh5 26. Qf3 f6 27. Bh3 Ng7 28.
Nc4 Bg5 29. Qd1 Qe8 30. Qg4 Rd8 31. e5 h5 32. Qe4 Nxe5 33. Nxe5 fxe5 34. Bxe5
1-0

[Event "Ogolnopolski Turniej Niepelnosprawnych"]
[Site "Rowy"]
[Date "2011.??.??"]
[Round "3.3"]
[White "Winiarski, Kazimierz"]
[Black "Matuszczyk, Krystian"]
[Result "0-1"]
[WhiteElo "1967"]
[BlackElo "2046"]
[PlyCount "74"]
[EventDate "2011.??.??"]

1. d4 d5 2. Nf3 Nf6 3. c4 e6 4. Nc3 Be7 5. Bg5 Nbd7 6. e3 O-O 7. Bd3 h6 8. Bh4
c6 9. O-O b6 10. Qe2 Ne4 11. Bxe7 Nxc3 12. bxc3 Qxe7 13. e4 dxc4 14. Bxc4 e5
15. Rfd1 b5 16. Bb3 a5 17. d5 cxd5 18. Bxd5 Rb8 19. Bc6 b4 20. cxb4 axb4 21.
Qb2 Rb6 22. Rac1 Nb8 23. Nxe5 Nxc6 24. Rxc6 Rxc6 25. Nxc6 Qxe4 26. Nxb4 Re8 27.
h3 Bb7 28. f3 Qc4 29. Rc1 Qb5 30. Qd4 Qg5 31. Rf1 Re2 32. Qg4 Qc5+ 33. Kh1 Bc8
34. Nd3 Qc3 35. Nc1 Bxg4 36. Nxe2 Qd2 37. Ng3 Be6 0-1

[Event "Ogolnopolski Turniej Niepelnosprawnych"]
[Site "Rowy"]
[Date "2011.??.??"]
[Round "3.4"]
[White "Pipala, Janusz"]
[Black "Wojcieszyn, Zdzislaw"]
[Result "1-0"]
[WhiteElo "1935"]
[BlackElo "2020"]
[PlyCount "69"]
[EventDate "2011.??.??"]

1. f4 d5 2. Nf3 Nf6 3. g3 Bf5 4. d3 c6 5. Be3 e6 6. c3 Nbd7 7. Bg2 Ng4 8. Bg1
Bc5 9. Nd4 Ngf6 10. Nd2 Bg6 11. Qc2 e5 12. fxe5 Nxe5 13. Nxc6 bxc6 14. Bxc5
Nfd7 15. Bf2 Qe7 16. O-O O-O 17. Rae1 Nf6 18. b4 Rfe8 19. Bd4 Qb7 20. Nf3 Nxf3+
21. exf3 Qb5 22. Rxe8+ Nxe8 23. Rd1 Nc7 24. a4 Qa6 25. Bh3 Ne6 26. Bxe6 fxe6
27. Kg2 Re8 28. f4 h5 29. h3 Bf5 30. a5 Qb7 31. Qe2 Qf7 32. a6 Re7 33. Qe3 Rd7
34. Re1 Kf8 35. Rg1 1-0